| 000 | 00662nam a2200157 a 4500 | ||
|---|---|---|---|
| 008 | 120416s9999 xx |||||||||||||| || u | ||
| 050 | _aHD 31 Fin | ||
| 100 | _aFinch, Frederic E | ||
| 245 | 1 | 0 | _aManaging for organizational effectiveness |
| 246 | _aan experimental approach | ||
| 350 | _a0.00 | ||
| 650 | _aORGANIZATIONAL EFFECTIVENESS | ||
| 650 | 0 | _aMANAGEMENT | |
| 995 |
_aBINDERY (DAMAGED) _D0.00 _e706386 _FCBU-MAIN LIBRARY (Kitwe) _H1 _I0.00 _jHD 31 Fin _M1 _UDAMAGED _y000443 _ZMain Library Open Access Collection |
||
| 995 |
_aBINDERY (DAMAGED) _D0.00 _e712568 _FCBU-MAIN LIBRARY (Kitwe) _H2 _I0.00 _jHD 31 Fin _M2 _UDAMAGED _y000444 _ZMain Library Open Access Collection |
||
| 999 |
_c82548 _d82548 |
||